[Event "Dresden ZMD op"]
[Site "Dresden"]
[Date "2009.07.27"]
[Round "3"]
[White "Genov, Petar"]
[Black "Held, Florian"]
[Result "1-0"]
[WhiteElo "2478"]
[BlackElo "2043"]
[PlyCount "47"]
[EventDate "2009.07.25"]
[EventType "swiss"]
[EventRounds "9"]
[EventCountry "GER"]
[SourceTitle "CBM 131 Extra"]
[Source "ChessBase"]
[SourceDate "2009.09.03"]
[SourceVersion "2"]
[SourceVersionDate "2009.09.16"]
[SourceQuality "1"]

1. d4 Nf6 2. c4 g6 3. Nc3 Bg7 4. e4 d6 5. Bd3 0-0 6. Nge2 c5 7. d5 e6 8. h3 a6 9. a4 Nbd7 10. Bc2 exd5 11. exd5 b6 12. 0-0 Ne8 13. Bf4 Rb8 14. Qd2 Ne5 15. b3 Nc7 16. Bh6 Bxh6 17. Qxh6 f5 18. Qc1 Qf6 19. f4 Nd7 20. Bd3 b5 21. cxb5 axb5 22. Nxb5 Nxb5 23. Bxb5 Nb6 24. Nc3 1-0

[Event "GER-chT U20"]
[Site "Kelheim"]
[Date "2007.12.28"]
[Round "4.5"]
[White "Held, Florian"]
[Black "Zeldin, Leonid"]
[Result "0-1"]
[WhiteElo "2032"]
[BlackElo "2038"]
[PlyCount "60"]
[EventDate "2007.12.27"]
[EventType "team-swiss"]
[EventRounds "7"]
[EventCountry "GER"]
[SourceTitle "EXT 2022"]
[Source "ChessBase"]
[SourceDate "2021.10.06"]
[SourceVersion "1"]
[SourceVersionDate "2021.10.06"]
[SourceQuality "1"]
[WhiteTeam "Hamburger SK U20"]
[BlackTeam "Bochum SG 1931 U20"]
[WhiteTeamCountry "GER"]
[BlackTeamCountry "GER"]

1. e4 d6 2. d4 Nf6 3. Nc3 e5 4. Nf3 exd4 5. Nxd4 Be7 6. Bf4 0-0 7. Qd2 Nc6 8. 0-0-0 Nxd4 9. Qxd4 Be6 10. f3 Nd7 11. Qe3 Bf6 12. g4 Qe7 13. Kb1 Be5 14. Bg3 Bxc3 15. Qxc3 Nc5 16. h4 b5 17. h5 f6 18. Qd4 Qf7 19. Bxb5 Bxa2+ 20. Ka1 Rab8 21. Bc6 Kh8 22. Bd5 Bxd5 23. Qxd5 Qe8 24. Bf2 Na4 25. Bd4 c5 26. Bc3 Nxc3 27. bxc3 Qb5 28. Qa2 Qe2 29. Rd3 c4 30. Rxd6 Qxf3 0-1

[Event "GER-chT U20"]
[Site "Kelbra"]
[Date "2006.12.30"]
[Round "7.5"]
[White "Held, Florian"]
[Black "Berchtenbreiter, Maximilian"]
[Result "0-1"]
[WhiteElo "2052"]
[BlackElo "2027"]
[PlyCount "42"]
[EventDate "2006.12.27"]
[EventType "team-swiss"]
[EventRounds "7"]
[EventCountry "GER"]
[SourceTitle "EXT 2008"]
[Source "ChessBase"]
[SourceDate "2007.11.25"]
[SourceVersion "1"]
[SourceVersionDate "2007.11.25"]
[SourceQuality "1"]
[WhiteTeam "Hamburger SK U20"]
[BlackTeam "Pang/Rosenheim U20"]
[WhiteTeamCountry "GER"]
[BlackTeamCountry "GER"]

1. e4 c5 2. Nf3 e6 3. d4 cxd4 4. Nxd4 Nf6 5. Nc3 Bb4 6. e5 Nd5 7. Bd2 Nxc3 8. bxc3 Ba5 9. Qg4 0-0 10. Bd3 d6 11. exd6 e5 12. Nf5 Bxf5 13. Qxf5 g6 14. Qe4 Qxd6 15. 0-0 Nd7 16. Bh6 Rfd8 17. Qh4 Bxc3 18. Rad1 Bd4 19. c3 Bxc3 20. Bxg6 Qxg6 21. Rd3 Qxd3 0-1

[Event "Dresden ZMD op"]
[Site "Dresden"]
[Date "2006.08.12"]
[Round "8"]
[White "Juergens, Klaus"]
[Black "Held, Florian"]
[Result "1-0"]
[WhiteElo "2176"]
[BlackElo "2024"]
[PlyCount "39"]
[EventDate "2006.08.05"]
[EventType "swiss"]
[EventRounds "9"]
[EventCountry "GER"]
[SourceTitle "CBM 113 Extra"]
[Source "ChessBase"]
[SourceDate "2006.09.14"]
[SourceVersion "1"]
[SourceVersionDate "2006.09.14"]
[SourceQuality "1"]

1. Nf3 Nf6 2. c4 g6 3. Nc3 Bg7 4. d4 0-0 5. Bg5 d6 6. e3 Nbd7 7. Qc2 c5 8. Be2 b6 9. d5 Bb7 10. e4 a6 11. 0-0 e5 12. dxe6 fxe6 13. Rad1 Qc7 14. Qd2 Ne8 15. Be7 Rxf3 16. Bxf3 Ne5 17. Bxd6 Nxf3+ 18. gxf3 Nxd6 19. Qxd6 Qf7 20. Rd3 1-0

[Event "Dresden ZMD op"]
[Site "Dresden"]
[Date "2006.08.08"]
[Round "4"]
[White "Guenther, Thomas"]
[Black "Held, Florian"]
[Result "1/2-1/2"]
[WhiteElo "2130"]
[BlackElo "2024"]
[PlyCount "127"]
[EventDate "2006.08.05"]
[EventType "swiss"]
[EventRounds "9"]
[EventCountry "GER"]
[SourceTitle "CBM 113 Extra"]
[Source "ChessBase"]
[SourceDate "2006.09.14"]
[SourceVersion "1"]
[SourceVersionDate "2006.09.14"]
[SourceQuality "1"]

1. Nf3 Nf6 2. c4 g6 3. d4 Bg7 4. g3 0-0 5. Bg2 d6 6. Nc3 Nc6 7. d5 Na5 8. Nd2 c5 9. 0-0 a6 10. e4 b5 11. Re1 Rb8 12. Bf1 Bd7 13. h3 bxc4 14. Kh2 Rb4 15. f4 e5 16. fxe5 dxe5 17. a3 Rb8 18. Nxc4 Nb3 19. Rb1 Nxc1 20. Qxc1 Ne8 21. Qe3 Qc7 22. d6 Nxd6 23. Nxd6 Qxd6 24. Red1 Qe6 25. Qxc5 Rfc8 26. Qd5 Qxd5 27. Nxd5 Rc2+ 28. Kh1 Bb5 29. Nb4 Rf2 30. Kg1 Rxf1+ 31. Rxf1 Bxf1 32. Kxf1 Bf8 33. Nc6 Rb3 34. Kg2 Bxa3 35. Nxe5 Rxb2+ 36. Rxb2 Bxb2 37. Nc4 Bc3 38. Na3 Kf8 39. Kf3 Ke7 40. g4 f6 41. Ke3 Kd6 42. Kd3 Bb4 43. Nc4+ Ke6 44. Kd4 a5 45. Nb6 f5 46. exf5+ gxf5 47. Nd5 Bd6 48. gxf5+ Kxf5 49. Ne3+ Kg5 50. Nc4 a4 51. Nxd6 Kh4 52. Nf5+ Kxh3 53. Ng7 Kg4 54. Kc4 Kg5 55. Kb4 Kg6 56. Ne6 Kf6 57. Nf4 Kf5 58. Nh5 h6 59. Kxa4 Kg5 60. Ng7 Kg6 61. Ne6 Kf6 62. Nf4 Kg5 63. Ne6+ Kg4 64. Ng7 1/2-1/2

[Event "GER-ch op U25"]
[Site "Willingen"]
[Date "2006.06.06"]
[Round "5"]
[White "Held, Florian"]
[Black "Lantzsch, Christian"]
[Result "1/2-1/2"]
[WhiteElo "2016"]
[BlackElo "2210"]
[PlyCount "107"]
[EventDate "2006.06.04"]
[EventType "swiss"]
[EventRounds "9"]
[EventCountry "GER"]
[SourceTitle "EXT 2007"]
[Source "ChessBase"]
[SourceDate "2006.11.23"]
[SourceVersion "1"]
[SourceVersionDate "2006.11.23"]
[SourceQuality "1"]

1. e4 c5 2. Nf3 e6 3. d4 cxd4 4. Nxd4 Nc6 5. Nc3 Nf6 6. Ndb5 Bc5 7. Bf4 0-0 8. Bc7 Qe7 9. Bd6 Bxd6 10. Qxd6 Ne8 11. Qxe7 Nxe7 12. 0-0-0 f5 13. Nd6 Nxd6 14. Rxd6 fxe4 15. Nxe4 Nf5 16. Rd2 d5 17. Ng5 Bd7 18. Bd3 Rae8 19. Re1 e5 20. Be4 dxe4 21. Rxd7 e3 22. fxe3 h6 23. Ne4 Rd8 24. Rxd8 Rxd8 25. g4 Nh4 26. Rf1 Ng2 27. Rf3 Rc8 28. c3 Rc4 29. Nf2 Rc6 30. Rg3 Nh4 31. Ne4 g6 32. h3 Kf7 33. Rg1 Ke7 34. Rf1 Ng2 35. Kd2 Ra6 36. Ra1 Nh4 37. Ke2 Rb6 38. b3 Rc6 39. c4 Rc8 40. Rd1 Rf8 41. Rd5 Nf3 42. Rd1 Nh4 43. Rf1 Rd8 44. Nc3 Rd6 45. Nd5+ Ke8 46. Kd3 b5 47. Ke4 bxc4 48. bxc4 Rc6 49. Rc1 Kf7 50. c5 Ke6 51. Nb4 Rc8 52. Nd3 Nf5 53. Nxe5 Nd6+ 54. Kd4 1/2-1/2

[Event "GER-chT U16"]
[Site "Berlin"]
[Date "2005.12.28"]
[Round "4.2"]
[White "Held, Florian"]
[Black "Seyb, Alexander"]
[Result "0-1"]
[WhiteElo "1959"]
[BlackElo "2074"]
[PlyCount "60"]
[EventDate "2005.12.27"]
[EventType "team-swiss"]
[EventRounds "7"]
[EventCountry "GER"]
[SourceTitle "EXT 2022"]
[Source "ChessBase"]
[SourceDate "2021.10.06"]
[SourceVersion "1"]
[SourceVersionDate "2021.10.06"]
[SourceQuality "1"]
[WhiteTeam "Hamburger SK U16"]
[BlackTeam "Grossenseebach U16"]
[WhiteTeamCountry "GER"]
[BlackTeamCountry "GER"]

1. e4 c5 2. Nf3 d6 3. d4 cxd4 4. Nxd4 Nf6 5. Nc3 a6 6. Bg5 e6 7. f4 Nbd7 8. Qf3 Qc7 9. 0-0-0 b5 10. Bxb5 axb5 11. Ndxb5 Qb6 12. e5 Bb7 13. Qe2 dxe5 14. fxe5 Nd5 15. Nxd5 Bxd5 16. Rxd5 exd5 17. Nd6+ Bxd6 18. exd6+ Kf8 19. Qe7+ Kg8 20. Rf1 Nf6 21. Bxf6 gxf6 22. Qxf6 Qe3+ 23. Kb1 Qe6 24. Qf4 Ra6 25. Qg3+ Kf8 26. Qc3 Rg8 27. Rf6 d4 28. Rxe6 dxc3 29. d7 Ra8 30. Ra6 Ke7 0-1

[Event "GER-chT U16"]
[Site "Berlin"]
[Date "2005.12.27"]
[Round "2.2"]
[White "Held, Florian"]
[Black "Schaefer, Alexander1111"]
[Result "1-0"]
[WhiteElo "1959"]
[BlackElo "1980"]
[PlyCount "45"]
[EventDate "2005.12.27"]
[EventType "team-swiss"]
[EventRounds "7"]
[EventCountry "GER"]
[SourceTitle "EXT 2022"]
[Source "ChessBase"]
[SourceDate "2021.10.06"]
[SourceVersion "1"]
[SourceVersionDate "2021.10.06"]
[SourceQuality "1"]
[WhiteTeam "Hamburger SK U16"]
[BlackTeam "Tamm 74 U16"]
[WhiteTeamCountry "GER"]
[BlackTeamCountry "GER"]

1. e4 c5 2. Nf3 e6 3. d4 cxd4 4. Nxd4 Nf6 5. Nc3 Nc6 6. Ndb5 Bb4 7. a3 Bxc3+ 8. Nxc3 d5 9. exd5 exd5 10. Bd3 d4 11. Ne2 0-0 12. 0-0 Bg4 13. f3 Be6 14. Nf4 Re8 15. Nxe6 Rxe6 16. f4 Qa5 17. f5 Ree8 18. Bg5 Ne4 19. Bh4 Qb6 20. Qg4 Nc5 21. Bf6 g6 22. fxg6 fxg6 23. Bxg6 1-0

[Event "Hamburg Junge op"]
[Site "Hamburg"]
[Date "2005.10.07"]
[Round "7"]
[White "Held, Florian"]
[Black "Kuhn, Gerd"]
[Result "1-0"]
[WhiteElo "2052"]
[BlackElo "2166"]
[PlyCount "137"]
[EventDate "2005.10.01"]
[EventType "swiss"]
[EventRounds "9"]
[EventCountry "GER"]
[SourceTitle "CBM 108 Extra"]
[Source "ChessBase"]
[SourceDate "2005.11.04"]
[SourceVersion "1"]
[SourceVersionDate "2005.11.04"]
[SourceQuality "1"]

1. e4 c6 2. d4 d5 3. e5 Bf5 4. Be3 e6 5. Nd2 Nd7 6. c3 Ne7 7. Ngf3 h6 8. b4 Rc8 9. Nb3 b6 10. Be2 Bh7 11. 0-0 Nf5 12. Bc1 h5 13. Ng5 Bg6 14. Nh3 Be7 15. Nf4 Bg5 16. Nxg6 fxg6 17. c4 Be7 18. b5 Kf7 19. bxc6 Rxc6 20. cxd5 exd5 21. Bb5 Re6 22. Qf3 Nb8 23. Bd3 Ke8 24. Bxf5 gxf5 25. Qxf5 Kd7 26. Be3 g6 27. Qd3 a6 28. Rac1 Ba3 29. Nc5+ bxc5 30. Qxa3 c4 31. Qa4+ Kc8 32. Rb1 Rh7 33. Qb4 Nc6 34. Qd2 Qa5 35. Qxa5 Nxa5 36. f4 Rf7 37. Bd2 Nc6 38. Bc3 Ne7 39. g3 Nf5 40. Rf3 Rb7 41. Rxb7 Kxb7 42. h3 Nh6 43. Kg2 Kc8 44. Rf1 Rb6 45. Kf3 Kd7 46. g4 h4 47. Ke2 Ke6 48. Kd2 Rb7 49. Kc2 Rf7 50. Be1 Ng8 51. Bxh4 Rh7 52. f5+ gxf5 53. gxf5+ Kf7 54. e6+ Kf8 55. Bg5 Rxh3 56. f6 Rh2+ 57. Kb1 Re2 58. f7 Rxe6 59. fxg8Q+ Kxg8 60. Rf5 Rb6+ 61. Kc2 Rd6 62. Bf4 Rd7 63. Rf6 Rf7 64. Rxf7 Kxf7 65. Kc3 Ke6 66. Kb4 Kf5 67. Bd2 Ke4 68. Kc5 Kd3 69. Ba5 1-0

[Event "Hamburg Junge op"]
[Site "Hamburg"]
[Date "2005.10.06"]
[Round "6"]
[White "Behncke, Benjamin"]
[Black "Held, Florian"]
[Result "0-1"]
[WhiteElo "1708"]
[BlackElo "2052"]
[PlyCount "48"]
[EventDate "2005.10.01"]
[EventType "swiss"]
[EventRounds "9"]
[EventCountry "GER"]
[SourceTitle "CBM 108 Extra"]
[Source "ChessBase"]
[SourceDate "2005.11.04"]
[SourceVersion "1"]
[SourceVersionDate "2005.11.04"]
[SourceQuality "1"]

1. e4 c5 2. Nf3 e6 3. d4 cxd4 4. Nxd4 a6 5. a3 Nf6 6. Nc3 d6 7. Bg5 Nbd7 8. f4 b5 9. Qf3 Bb7 10. Bd3 Qb6 11. Nb3 Rc8 12. Qg3 Rxc3 13. bxc3 Nxe4 14. Bxe4 Bxe4 15. 0-0-0 d5 16. Kb2 Qd6 17. Ra1 Nb6 18. Nd2 Bf5 19. Qe3 f6 20. Bh4 Kf7 21. Bf2 Na4+ 22. Kb3 Be7 23. Nf3 Rc8 24. Be1 Qc7 0-1

[Event "GER-ch U16"]
[Site "Willingen"]
[Date "2005.05.19"]
[Round "7"]
[White "Billing, Christian"]
[Black "Held, Florian"]
[Result "1-0"]
[WhiteElo "2013"]
[BlackElo "1980"]
[PlyCount "89"]
[EventDate "2005.05.14"]
[EventType "swiss"]
[EventRounds "9"]
[EventCountry "GER"]
[SourceTitle "CBM 106 Extra"]
[Source "ChessBase"]
[SourceDate "2005.07.01"]
[SourceVersion "1"]
[SourceVersionDate "2005.07.01"]
[SourceQuality "1"]

1. e4 c5 2. d3 Nc6 3. g3 g6 4. Bg2 Bg7 5. Nc3 e6 6. Be3 d6 7. Qd2 Nge7 8. Bh6 0-0 9. Nf3 Rb8 10. h4 f6 11. Bxg7 Kxg7 12. h5 g5 13. Nh2 h6 14. f4 b5 15. 0-0 Qe8 16. fxg5 hxg5 17. Rxf6 Kxf6 18. Ng4+ Kg7 19. Qxg5+ Kh8 20. Nf6 Rxf6 21. Qxf6+ Kh7 22. g4 Ng8 23. Qh4 Ba6 24. g5 Ne5 25. Ne2 Rb7 26. Nf4 Qe7 27. Rf1 Rc7 28. Bh3 Bc8 29. c3 a5 30. b3 b4 31. d4 Nc6 32. d5 Nd8 33. Ng6 Qg7 34. Nf8+ Kh8 35. h6 Qxc3 36. Ng6+ Kh7 37. Nf8+ Kh8 38. g6 Qe3+ 39. Kh2 Qxh6 40. Qxd8 exd5 41. g7+ Qxg7 42. Rf4 Qb2+ 43. Bg2 Rf7 44. Rh4+ Kg7 45. Rh7# 1-0

[Event "Hamburg State-ch U20"]
[Site "Cuxhaven"]
[Date "2005.03.16"]
[Round "8"]
[White "Held, Florian"]
[Black "Markovic, Daniel"]
[Result "1-0"]
[WhiteElo "1898"]
[BlackElo "1952"]
[PlyCount "35"]
[EventDate "2005.03.05"]
[EventType "tourn"]
[EventRounds "11"]
[EventCountry "GER"]
[SourceTitle "EXT 2007"]
[Source "ChessBase"]
[SourceDate "2006.11.23"]
[SourceVersion "1"]
[SourceVersionDate "2006.11.23"]
[SourceQuality "1"]

1. e4 c5 2. Nf3 e6 3. d4 cxd4 4. Nxd4 Nf6 5. Nc3 d6 6. g4 Be7 7. g5 Nfd7 8. h4 a6 9. Be3 b5 10. Qh5 Ne5 11. f4 g6 12. Qd1 Nc4 13. Bxc4 bxc4 14. Qe2 Qc7 15. h5 Bd7 16. hxg6 fxg6 17. 0-0-0 a5 18. f5 1-0

[Event "Hamburg State-ch U20"]
[Site "Cuxhaven"]
[Date "2005.03.14"]
[Round "6"]
[White "Held, Florian"]
[Black "Buchheister, Benjamin"]
[Result "1/2-1/2"]
[WhiteElo "1898"]
[BlackElo "1998"]
[PlyCount "47"]
[EventDate "2005.03.05"]
[EventType "tourn"]
[EventRounds "11"]
[EventCountry "GER"]
[SourceTitle "EXT 2007"]
[Source "ChessBase"]
[SourceDate "2006.11.23"]
[SourceVersion "1"]
[SourceVersionDate "2006.11.23"]
[SourceQuality "1"]

1. e4 e6 2. d4 d5 3. Nc3 Bb4 4. e5 c5 5. Bd2 Bd7 6. Nb5 Bxb5 7. Bxb5+ Nc6 8. c3 Ba5 9. dxc5 Nge7 10. b4 Bc7 11. f4 0-0 12. Nf3 f6 13. Qe2 fxe5 14. fxe5 Ng6 15. Bxc6 bxc6 16. 0-0 Rf5 17. g4 Nf4 18. Bxf4 Rxf4 19. Nd4 Re4 20. Qf3 Qd7 21. Nxc6 h5 22. h3 hxg4 23. hxg4 Qxc6 24. Qf7+ 1/2-1/2

[Event "Hamburg State-ch U20"]
[Site "Cuxhaven"]
[Date "2005.03.13"]
[Round "4"]
[White "Held, Florian"]
[Black "Stellwagen, Robin"]
[Result "1/2-1/2"]
[WhiteElo "1898"]
[BlackElo "2144"]
[PlyCount "60"]
[EventDate "2005.03.05"]
[EventType "tourn"]
[EventRounds "11"]
[EventCountry "GER"]
[SourceTitle "EXT 2007"]
[Source "ChessBase"]
[SourceDate "2006.11.23"]
[SourceVersion "1"]
[SourceVersionDate "2006.11.23"]
[SourceQuality "1"]

1. e4 c5 2. Nf3 Nc6 3. d4 cxd4 4. Nxd4 Nf6 5. Nc3 g6 6. Nxc6 bxc6 7. e5 Ng8 8. Bc4 Bg7 9. Qe2 Qa5 10. f4 d5 11. Bb3 Ba6 12. Qf2 e6 13. Be3 Bf8 14. 0-0-0 Nh6 15. h3 Bb4 16. Na4 Bc4 17. Kb1 Nf5 18. Bc5 Bb5 19. Bxb4 Qxb4 20. Nc5 0-0-0 21. a4 Bc4 22. Bxc4 Qxc4 23. b3 Qb4 24. g4 Ne7 25. Kb2 h5 26. c3 Qb6 27. Qd4 Kc7 28. b4 Rb8 29. Ka3 a6 30. Rb1 Ra8 1/2-1/2

[Event "Hamburg State-ch U20"]
[Site "Cuxhaven"]
[Date "2005.03.05"]
[Round "1"]
[White "Moeller, Hendrik"]
[Black "Held, Florian"]
[Result "1-0"]
[WhiteElo "2150"]
[BlackElo "1898"]
[PlyCount "87"]
[EventDate "2005.03.05"]
[EventType "tourn"]
[EventRounds "11"]
[EventCountry "GER"]
[SourceTitle "EXT 2007"]
[Source "ChessBase"]
[SourceDate "2006.11.23"]
[SourceVersion "1"]
[SourceVersionDate "2006.11.23"]
[SourceQuality "1"]

1. e4 c5 2. Nf3 e6 3. d4 cxd4 4. Nxd4 a6 5. c4 Nf6 6. Bd3 Qc7 7. Nc3 b6 8. 0-0 Bb7 9. Be3 d6 10. f4 Nbd7 11. Qe2 Be7 12. f5 e5 13. Nc2 Nc5 14. Bd2 Rc8 15. b3 h5 16. Kh1 b5 17. cxb5 Nxd3 18. Qxd3 Bxe4 19. Nxe4 Nxe4 20. b6 Qb7 21. Ba5 h4 22. Ne3 h3 23. Qd5 hxg2+ 24. Kxg2 Rc2+ 25. Kg1 Qxd5 26. Nxd5 Rcxh2 27. Be1 Rh1+ 28. Kg2 Rxf1 29. Kxf1 Kd7 30. Rc1 Nc5 31. b4 Bg5 32. Rc4 Rc8 33. bxc5 dxc5 34. Bf2 Kd6 35. Rxc5 Rxc5 36. Bxc5+ Kc6 37. Nc3 e4 38. Nxe4 Bd8 39. Bd4 Kd5 40. b7 Bc7 41. Ng5 Kc6 42. Bxg7 Kxb7 43. Nxf7 Kc6 44. f6 1-0

[Event "GER-chT U16"]
[Site "Dittrichshuette"]
[Date "2004.12.27"]
[Round "2"]
[White "Held, Florian"]
[Black "Bastian, Ruben"]
[Result "1-0"]
[WhiteElo "1734"]
[BlackElo "1507"]
[PlyCount "55"]
[EventDate "2004.12.27"]
[EventType "team"]
[EventRounds "6"]
[EventCountry "GER"]
[SourceTitle "EXT 2006"]
[Source "ChessBase"]
[SourceDate "2005.11.24"]
[SourceVersion "1"]
[SourceVersionDate "2005.11.24"]
[SourceQuality "1"]

1. e4 c5 2. Nf3 Nc6 3. d4 cxd4 4. Nxd4 Nf6 5. Nc3 e5 6. Ndb5 d6 7. Bg5 a6 8. Na3 b5 9. Bxf6 gxf6 10. Nd5 Be6 11. c3 Bg7 12. Nc2 f5 13. Bd3 fxe4 14. Bxe4 Rc8 15. Qh5 h6 16. Nce3 Ne7 17. Nxe7 Qxe7 18. Nf5 Bxf5 19. Qxf5 Rc4 20. Bd5 Rc5 21. 0-0 Qf6 22. Qd3 Bf8 23. a4 Rg8 24. axb5 Rxb5 25. Bc6+ Ke7 26. Rxa6 Rxb2 27. Ra7+ Kd8 28. Rd7+ 1-0

[Event "GER-chT North U16"]
[Site "Syke"]
[Date "2004.09.17"]
[Round "4.4"]
[White "Wenzel, Birger"]
[Black "Held, Florian"]
[Result "1-0"]
[WhiteElo "1604"]
[BlackElo "1761"]
[PlyCount "69"]
[EventDate "2004.09.16"]
[EventType "team-swiss"]
[EventRounds "7"]
[EventCountry "GER"]
[SourceTitle "EXT 2006"]
[Source "ChessBase"]
[SourceDate "2005.11.24"]
[SourceVersion "1"]
[SourceVersionDate "2005.11.24"]
[SourceQuality "1"]

1. Nf3 Nf6 2. g3 g6 3. d4 Bg7 4. Bg2 0-0 5. 0-0 d6 6. Nbd2 Nc6 7. e4 e5 8. c3 Bd7 9. Re1 Qc8 10. dxe5 dxe5 11. Nc4 Re8 12. a4 Bh3 13. Qc2 Bxg2 14. Kxg2 Qe6 15. Ne3 h6 16. h3 Rad8 17. Nh2 Rd6 18. Neg4 Nxg4 19. Nxg4 Kh7 20. Ne3 Red8 21. Nd5 Qd7 22. b3 Ne7 23. Nxe7 Qxe7 24. Ba3 Qg5 25. Bxd6 cxd6 26. Rad1 Kh8 27. Rd5 f5 28. Red1 Bf8 29. exf5 gxf5 30. Qd2 Qf6 31. c4 b6 32. a5 h5 33. axb6 axb6 34. Qe2 Qg5 35. h4 1-0

[Event "GER-chT North U16"]
[Site "Syke"]
[Date "2004.09.16"]
[Round "1.3"]
[White "Bauer, Mirko"]
[Black "Held, Florian"]
[Result "0-1"]
[WhiteElo "1480"]
[BlackElo "1761"]
[PlyCount "66"]
[EventDate "2004.09.16"]
[EventType "team-swiss"]
[EventRounds "7"]
[EventCountry "GER"]
[SourceTitle "EXT 2006"]
[Source "ChessBase"]
[SourceDate "2005.11.24"]
[SourceVersion "1"]
[SourceVersionDate "2005.11.24"]
[SourceQuality "1"]

1. d4 Nf6 2. c4 g6 3. Nc3 Bg7 4. e4 d6 5. f3 0-0 6. Be3 Nc6 7. Nge2 a6 8. Qd2 Rb8 9. g4 b5 10. cxb5 axb5 11. Ng3 b4 12. Nce2 e5 13. d5 Na5 14. Rc1 Ba6 15. b3 Qd7 16. h4 c6 17. dxc6 Nxc6 18. h5 Rfd8 19. Rd1 Rb7 20. Bh6 Bxh6 21. Qxh6 Qe7 22. Qg5 Ne8 23. Qc1 Rc7 24. Qd2 Ng7 25. hxg6 fxg6 26. Bg2 Ne6 27. Nf1 Bxe2 28. Qxe2 Ncd4 29. Qf2 Nc2+ 30. Kd2 d5 31. Ne3 dxe4+ 32. Ke2 Nf4+ 33. Kf1 Nxe3+ 0-1